| 000 | 02500nam2a2200289 4500 | ||
|---|---|---|---|
| 001 | RU\NLR\BIBL_A\012870077 | ||
| 005 | 20221110155931.0 | ||
| 010 |
_a978-59929-1006-3 _bч. 1 _9100 |
||
| 021 |
_aRU _bКН-П-22-039354 _9КН-П-22-3396 |
||
| 035 | _a(NLR Aleph) 012870077 | ||
| 035 | _a(RuMoRGB)011116216 | ||
| 090 |
_a12486162 _c12486162 |
||
| 100 | _a20220818d2021 u y0rusy50 ca | ||
| 101 | 0 | _arus | |
| 102 | _aRU | ||
| 105 | _a |||j|||000zy | ||
| 200 | 1 | _aЮбки | |
| 210 | _d2021 | ||
| 215 |
_a145 с. _cил., табл. |
||
| 320 | _aБиблиогр.: с. 144-145 (20 назв.) | ||
| 461 | 0 |
_1001RU\NLR\BIBL_A\012870075 _12001#$aТеоретические и методические основы выполнения проектов поясной одежды в материале$eучебное пособие$eдля студентов, обучающихся по направлениям подготовки 29.03.05 "Конструирование изделий лёгкой промышленности", 54.03.03 "Искусство костюма и текстиля"$fН. П. Бирюкова$gМинистерство науки и высшего образования Российской Федерации, Федеральное государственное бюджетное образовательное учреждение высшего образования "Орловский государственный университет имени И. С. Тургенева"$vЧ. 1 _1700#1$aБирюкова$bН. П.$gНаталия Петровна _912486156 _aБирюкова, Н. П. _cОрел _d2021 _fН. П. Бирюкова _nОГУ имени И.С. Тургенева _oучебное пособие : для студентов, обучающихся по направлениям подготовки 29.03.05 "Конструирование изделий лёгкой промышленности", 54.03.03 "Искусство костюма и текстиля" _tТеоретические и методические основы выполнения проектов поясной одежды в материале _y9785992910070 _vЧ. 1 |
|
| 606 | 1 |
_aЮбки _jУчебные издания для высших учебных заведений _xКонструирование _92017362 _3RU\NLR\AUTH\661213114 |
|
| 686 | 1 | _aМ414.4-2я73-1 | |
| 942 | _cBOOK | ||
| 980 | _aNB | ||